| 000 | 00788nas a2200265 4500 | ||
|---|---|---|---|
| 001 | BR7000587 | ||
| 003 | BR-BrBNA | ||
| 005 | 20231205082315.0 | ||
| 007 | ta | ||
| 008 | 230509b bl.|||p| |||| 00| 00por d | ||
| 040 |
_aBR-BrBNA _bpor _cBiblioteca Nacional de Agricultura |
||
| 041 | _a(Pt) | ||
| 072 | _aS30; S00 | ||
| 100 | 1 | _aSimoes, M.H.R. | |
| 100 | 1 | _aPatrick, G.F. | |
| 245 | 1 |
_aDietas adequadas de custo minimo em Cristalina, estado de Goias [Alimentacao; Brasil] _bParte de tese |
|
| 650 | _aAlimentacao | ||
| 650 | _aNutricao humana | ||
| 650 | _aDieta | ||
| 650 | _aCristalina | ||
| 650 | _aGoias | ||
| 773 | 0 |
_tExperientiae (Brazil) _xISSN 0014-4762 _g(Oct 1970), v. 10(10) p. 323-357 _wBR7000587 |
|
| 909 |
_a202311 _bLúcia _c55 _dLúcia Elande |
||
| 942 |
_2AGRIS _n0 _cANA |
||
| 999 |
_c90759 _d90759 |
||